Constitucionalismo universal : la internacionalización y estandarización de los derechos humanos /
Guardado en:
| Autor Principal: | |
|---|---|
| Formato: | Libro |
| Idioma: | Undetermined |
| Publicado: |
Buenos Aires :
Ad-Hoc,
2009.
|
| Edición: | 1a. ed. |
| Series: | Monografías Ad-Hoc, derecho constitucional ;
27 |
| Materias: | |
| Etiquetas: |
Agregar Etiqueta
Sin Etiquetas, Sea el primero en etiquetar este registro!
|
| LEADER | 00647nam a22001695a 4500 | ||
|---|---|---|---|
| 001 | DER.der015192 | ||
| 008 | 250519s2009####ag############000#0#und#d | ||
| 005 | 20250519145546.0 | ||
| 245 | 1 | 0 | |a Constitucionalismo universal : |b la internacionalización y estandarización de los derechos humanos / |c Cuauhtémoc Manuel de Dienheim Barrriguete. |
| 250 | |a 1a. ed. | ||
| 260 | |a Buenos Aires : |b Ad-Hoc, |c 2009. | ||
| 300 | |a 140 p. | ||
| 490 | 1 | |a Monografías Ad-Hoc, derecho constitucional ; |v 27 | |
| 020 | |a 9789508947680 | ||
| 100 | 1 | |a de Dienheim Barrriguete, Cuauhtémoc Manuel. | |
| 650 | 7 | |a DERECHO CONSTITUCIONAL | |
| 859 | |a DERECHO |b BIB. DERECHO |h 342.02 |i DED |p 0010588 | ||
